Normal view
MARC view
Entry Personal Name
001 - CONTROL NUMBER
- control field: 19561
003 - CONTROL NUMBER IDENTIFIER
- control field: AUA.1
005 - DATE AND TIME OF LATEST TRANSACTION
- control field: 20120125111004.0
008 - FIXED-LENGTH DATA ELEMENTS
- fixed length control field: 120125|||a|||||| | ||| d
040 ## - CATALOGING SOURCE
- Original cataloging agency: AUA.1
- Transcribing agency: AUA.1
100 ## - HEADING--PERSONAL NAME
- Personal name: Dayton, Howard
670 ## - SOURCE DATA FOUND
- Source citation: Work cat.: (AUA.1)4669: Crown Financial Ministries 1943- 16785, Stories of true financial freedom :, 2006.